• 首页
  • 本馆介绍
  • 公告通知
  • 最新文献
  • 馆藏检索
  • 电子资源
  • 读者导购
  • 参考咨询
  • 我的图书馆
  • 登录
  • 详细信息显示
  • 放入我的书架
  • 预约/预借图书
  • 作者相关作品
  • 分类相关作品
  • 丛书相关作品
  • 出版社相关作品

书目信息

  • 表格格式
  • 工作单格式
  • 卡片格式
题名:
加速器物理基础
    
 
作者: 陈佳洱 主编/编著
分册:  
出版信息: 北京   北京大学出版社  2021.8
页数: 451页
开本: 23cm
丛书名:
单 册:
中图分类: TL501
科图分类:
主题词: 加速器
电子资源:
ISBN: 978-7-301-21270-7
000 01039nam0 2200253 45
001 012001002996
005 20141010153412.0
010    @a978-7-301-21270-7@dCNY80.00
096    @aTL5@bcje
100    @a20121130d2012 em y0chiy50 ea
101 0  @achi
102    @aCN@b110000
105    @ay z 000yy
106    @ar
200 1  @a加速器物理基础@Ajia su qi wu li ji chu@b专著@f陈佳洱主编@g陈佳洱[等]编著
210    @a北京@c北京大学出版社@d2021.8
215    @a451页@d23cm
300    @a中外物理学精品书系 前沿系列 16 国家出版基金项目
330    @a本书首先系统地讲解了粒子加速器的基本概念、原理和加速器物理的相关基础知识,包括加速器基本构成、发展概况、分类方法、粒子运动的相对论描述、粒子源和粒子束的光学特性等。之后,本书对各种类型的加速器作了全面、详细的介绍和分析。这些加速器包括高压加速器、感应型加速器、回旋加速器、同步加速器、高能加速器组合,以及直线加速器等。
606 0  @a加速器
690    @aTL501@v5
701  0 @a陈佳洱@f(1934~)@Achen jia er@4主编/编著
801  2 @aCN@bBJSDL@c20211018
905    @b1351109-11@dTL501@e39@f3
    
    加速器物理基础/陈佳洱主编/陈佳洱[等]编著.-北京:北京大学出版社,2021.8
    451页;23cm
    中外物理学精品书系 前沿系列 16 国家出版基金项目
    
    ISBN 978-7-301-21270-7:CNY80.00
    本书首先系统地讲解了粒子加速器的基本概念、原理和加速器物理的相关基础知识,包括加速器基本构成、发展概况、分类方法、粒子运动的相对论描述、粒子源和粒子束的光学特性等。之后,本书对各种类型的加速器作了全面、详细的介绍和分析。这些加速器包括高压加速器、感应型加速器、回旋加速器、同步加速器、高能加速器组合,以及直线加速器等。
●
相关链接 在E读中查询图书 在五车中查询图书 在当当中查询图书 在豆瓣中查询图书


正题名:加速器物理基础     索取号:TL501/39         预约/预借

序号 登录号 条形码 馆藏地/架位号 状态 备注
1 1351109   213511092   第二样本阅览室/ [索取号:TL501/39] 在馆    
2 1351110   213511109   第三借阅区/ [索取号:TL501/39] 在馆    
3 1351111   213511118   第三借阅区/ [索取号:TL501/39] 在馆    
唐山师范学院图书馆 欢迎您!
大连网信软件有限公司© 版权所有